000 00627nam a2200205Ia 4500
003 OSt
005 20230511143301.0
008 210423s2003 xx 000 0 und d
020 _a9781555812669
040 _cAL
041 _aeng
082 _a636.0885 BAKD
_223
100 _aBAKER (David G).
_9103218
245 _aNatural pathogens of laboratory animals: their effects on research.
260 _aNew Delhi
_bWashington DC American Society for Microbiology
_c2003
300 _axii,385
_bHB
365 _b7077.05
_cINR
906 _aanimals: ; effects ; laboratory ; Natural ; pathogens ; research.
942 _2ddc
_cBK
999 _c164633
_d164633